Missing Word: Benedict Cumberbatch Quiz Stats

 Plays Quiz Updated May 7, 2017

Challenge
Share
Tweet
Embed
Score 0/14 Timer 02:00
0 Plays Today
Movie Missing Word % Correct
12 _____ a SlaveYears
97.4%
_____ Tailor Soldier SpyTinker
91.2%
The _____ Boleyn GirlOther
83.5%
The _____: An Unexpected JourneyHobbit
81.2%
Star Trek Into _____Darkness
79%
The _____ GameImitation
62.1%
War _____Horse
60.4%
Movie Missing Word % Correct
Amazing _____Grace
53.1%
Doctor _____Strange
45.4%
_____ MassBlack
45.3%
_____ for 10Starter
30.4%
_____ LionsFour
25.7%
_____ StarThird
22.5%
Burlesque _____Fairytales
12.1%

Today's Daily Dose

You're not logged in!

Compare scores with friends on all Sporcle quizzes.
Join for Free
OR
Log In

You Might Also Like...

Show Comments

Extras

Top Quizzes Today


Score Distribution

Your Account Isn't Verified!

In order to create a playlist on Sporcle, you need to verify the email address you used during registration. Go to your Sporcle Settings to finish the process.

Report this User

Report this user for behavior that violates our Community Guidelines.

Details: